000 01368nam0a2200337 4500
001 RU\NLR\bibl\1863687
005 20260406152843.0
010 _a978-5-17-076794-6
_bАСТ
_93000
021 _aRU
_b2011-105944
_97583
035 _a(nilc)RSL-KNO-005369632
035 _a(NLR Aleph) 001853575
090 _a2435326
_c2435326
100 _a20110816d2012 |||y0rusy50 ca
101 0 _arus
102 _aRU
105 _aa |||||||||
200 1 _aПриключения капитана Врунгеля
_e[для младшего школьного возраста]
_fАндрей Некрасов
_g[ил. А. Ильина]
210 _aМосква
_cАСТ
_cАстрель
_aВладимир
_cВКТ
_d2012 [т.е. 2011]
215 _a319 с.
_cил.
_d21
225 1 _aДетская классика
300 _aФактическая дата выхода в свет: 2011
686 _aШ9(2)6=Р72-2
_2rubbk
700 1 _4070
_7ca
_8rus
_aНекрасов
_bА. С.
_cдет. писатель
_f1907-1987
_gАндрей Сергеевич
_9116142
_3RU\NLR\auth\776187
702 1 _4440
_7ca
_8rus
_aИльин
_bА.
_cхудожник
_gАндрей
_956103
_3RU\NLR\auth\7773175
801 0 _aRU
_bRuMoRKP
_c20110816
_grcr
801 1 _aRU
_bРГБ
_c20110816
801 2 _aRU
_bNLR
_c20120202
_grcr
942 _cBOOK
980 _aNB
980 _aNBR